[Event "Sivakasi op 4th"]
[Site "Sivakasi"]
[Date "2018.04.24"]
[Round "7"]
[White "Hirthickkesh, PR."]
[Black "Harini, S."]
[Result "1-0"]
[WhiteElo "2166"]
[BlackElo "2021"]
[PlyCount "117"]
[EventDate "2018.04.21"]
[EventType "swiss"]
[EventRounds "8"]
[EventCountry "IND"]
[SourceTitle "CBM 184 Extra"]
[Source "ChessBase"]
[SourceDate "2018.06.28"]
[SourceVersion "1"]
[SourceVersionDate "2018.06.28"]
[SourceQuality "1"]

1. b3 e5 2. Bb2 Nc6 3. e3 Nf6 4. Bb5 Bd6 5. Na3 a6 6. Bxc6 dxc6 7. Nc4 Qe7 8. a4 Bg4 9. Ne2 0-0 10. f3 Bh5 11. Ng3 Bg6 12. 0-0 b5 13. Nxd6 cxd6 14. f4 h5 15. fxe5 dxe5 16. Nf5 Qe6 17. Nh4 Bh7 18. Nf3 Nd7 19. axb5 cxb5 20. Ng5 Qg6 21. Nxh7 Kxh7 22. Bc3 f6 23. Ra2 Rfd8 24. Qf3 e4 25. Qh3 Ne5 26. Bxe5 fxe5 27. Rf5 Kh6 28. c3 Rd5 29. c4 bxc4 30. bxc4 Rc5 31. Rb2 Qg4 32. Rb6+ g6 33. Qxg4 hxg4 34. Rff6 Rg8 35. Rxa6 Rxc4 36. Kf2 Kg5 37. Kg3 Rc2 38. Rad6 Rxd2 39. Rxd2 Kxf6 40. Kxg4 Ra8 41. Rf2+ Kg7 42. Kg5 Ra3 43. Re2 Rb3 44. h4 Ra3 45. Re1 Rb3 46. Ra1 Rxe3 47. Ra7+ Kf8 48. Kxg6 Rd3 49. Rf7+ Ke8 50. Rf5 e3 51. Rxe5+ Kd7 52. h5 Kd6 53. Re8 Kd7 54. Re4 Ra3 55. h6 Ra6+ 56. Kg7 Re6 57. Rxe6 Kxe6 58. h7 e2 59. h8Q 1-0

[Event "Sivakasi op 4th"]
[Site "Sivakasi"]
[Date "2018.04.23"]
[Round "6"]
[White "Sunyuktha, CMN"]
[Black "Hirthickkesh, PR."]
[Result "0-1"]
[WhiteElo "1790"]
[BlackElo "2166"]
[PlyCount "84"]
[EventDate "2018.04.21"]
[EventType "swiss"]
[EventRounds "8"]
[EventCountry "IND"]
[SourceTitle "CBM 184 Extra"]
[Source "ChessBase"]
[SourceDate "2018.06.28"]
[SourceVersion "1"]
[SourceVersionDate "2018.06.28"]
[SourceQuality "1"]

1. d4 Nf6 2. c4 e6 3. Nf3 Bb4+ 4. Nbd2 0-0 5. a3 Be7 6. g3 b6 7. Bg2 Bb7 8. 0-0 c5 9. dxc5 bxc5 10. Qc2 Qc7 11. b3 d6 12. Bb2 Nbd7 13. Rfd1 Rfe8 14. Ne1 Bf8 15. e4 g6 16. Nd3 e5 17. Re1 Bh6 18. Rad1 Rad8 19. Nb1 Bg7 20. Nc3 a6 21. f4 exf4 22. gxf4 Nh5 23. Nd5 Bxd5 24. cxd5 Qb6 25. Bxg7 c4+ 26. Bd4 Qxd4+ 27. Nf2 Qf6 28. Nh3 cxb3 29. Qxb3 Nxf4 30. Nxf4 Qxf4 31. Rf1 Qg5 32. Kh1 Rb8 33. Qa4 Nc5 34. Qd4 Re5 35. Rde1 Kg7 36. Re3 Qe7 37. Rfe1 Rb3 38. Rxb3 Nxb3 39. Qb2 Nc5 40. Qd4 Qh4 41. Re3 Qf2 42. Qc3 Kg8 0-1

[Event "Bangkok op 16th"]
[Site "Bangkok"]
[Date "2016.04.17"]
[Round "9"]
[White "Hirthickkesh, PR."]
[Black "Ahlander, Bjorn"]
[Result "1-0"]
[WhiteElo "2185"]
[BlackElo "2407"]
[PlyCount "139"]
[EventDate "2016.04.10"]
[EventType "swiss"]
[EventRounds "9"]
[EventCountry "THA"]
[SourceTitle "CBM 171 Extra"]
[Source "ChessBase"]
[SourceDate "2016.04.26"]
[SourceVersion "1"]
[SourceVersionDate "2016.04.26"]
[SourceQuality "1"]

1. b3 e5 2. Bb2 Nc6 3. e3 g6 4. Nf3 Bg7 5. d4 e4 6. Nfd2 f5 7. c4 d6 8. Nc3 Nf6 9. g3 0-0 10. a3 Qe7 11. Qc2 Nd8 12. Be2 c6 13. 0-0-0 d5 14. h3 Nf7 15. c5 Be6 16. b4 b6 17. Nb3 Nd7 18. Na4 Rfb8 19. Kb1 Nd8 20. Rc1 Bf7 21. Ka1 Rc8 22. Qd2 b5 23. Nc3 Nf6 24. Rcg1 Ne6 25. h4 Qc7 26. Bd1 h6 27. Be2 Kf8 28. Bd1 Ke7 29. Be2 Rh8 30. Bd1 Kd7 31. Kb1 Bf8 32. f3 exf3 33. Bxf3 h5 34. Nc1 Ne4 35. Nxe4 fxe4 36. Bd1 Be7 37. Ne2 Rag8 38. Nf4 g5 39. hxg5 Rxg5 40. Qf2 Nxf4 41. exf4 Rgg8 42. Rh2 Ke8 43. Rgh1 Qd7 44. f5 Rg5 45. g4 Rhg8 46. gxh5 Rxf5 47. Qe1 Bf6 48. h6 Bh8 49. h7 Rg6 50. Rg1 Rff6 51. Bc1 Qf5 52. Rxg6 Bxg6 53. Qg3 Rf8 54. Bg4 Qf6 55. Qb8+ Qd8 56. Qb7 Rf1 57. Qxc6+ Kf7 58. Be6+ Kf8 59. Bh3 Rxc1+ 60. Kxc1 Qg5+ 61. Kb2 Bxd4+ 62. Ka2 Qg1 63. Qc8+ Ke7 64. Qe6+ Kf8 65. Qc8+ Ke7 66. Qe6+ Kf8 67. Qd6+ Kg7 68. h8Q+ Kxh8 69. Be6+ Kg7 70. Qe7+ 1-0

[Event "Wch U14"]
[Site "Porto Carras"]
[Date "2015.11.04"]
[Round "10"]
[White "Sargsyan, Shant"]
[Black "Hirthickkesh, PR."]
[Result "1/2-1/2"]
[WhiteElo "2357"]
[BlackElo "2090"]
[PlyCount "126"]
[EventDate "2015.10.25"]
[EventType "swiss"]
[EventRounds "11"]
[EventCountry "GRE"]
[SourceTitle "CBM 169 Extra"]
[Source "ChessBase"]
[SourceDate "2015.12.18"]
[SourceVersion "1"]
[SourceVersionDate "2015.12.18"]
[SourceQuality "1"]

1. c4 Nf6 2. Nc3 e5 3. Nf3 Nc6 4. e3 d5 5. cxd5 Nxd5 6. Bb5 Nxc3 7. bxc3 Bd6 8. d4 Bd7 9. 0-0 exd4 10. cxd4 a6 11. Bd3 0-0 12. Bb2 f5 13. Rc1 Qe7 14. Qb3+ Kh8 15. d5 Nb4 16. Be2 a5 17. a3 a4 18. Qd1 Na6 19. Bxa6 Rxa6 20. Qd4 Re8 21. Nd2 b5 22. e4 Qf8 23. f4 c5 24. dxc6 Rxc6 25. Kh1 Rxc1 26. Rxc1 Be6 27. Re1 Bc5 28. Qd3 Rd8 29. Qe2 b4 30. exf5 Bxf5 31. Nf3 bxa3 32. Ba1 Bg4 33. h3 Bh5 34. g4 Bf7 35. Kh2 Bd5 36. Kg3 a2 37. Ne5 a3 38. f5 Bg8 39. Qe4 Qd6 40. Qf3 Bd4 41. Bxd4 Qxd4 42. Qxa3 Qd2 43. Qc1 Qb4 44. Qa1 Rc8 45. Kh4 Qd2 46. g5 Rc3 47. Ng4 Qd3 48. Re3 Qb1 49. Qxc3 a1Q 50. Qc8 Qd4 51. Re8 Qa2 52. g6 hxg6 53. fxg6 Qaf2+ 54. Kh5 Qc5+ 55. Qxc5 Qxc5+ 56. Re5 Qc6 57. Rf5 Qd6 58. Ne5 Be6 59. Nf7+ Bxf7 60. Rxf7 Kg8 61. Rf5 Qg3 62. h4 Qg2 63. Rf8+ Kxf8 1/2-1/2

[Event "IND-ch U15"]
[Site "Jammu"]
[Date "2015.09.29"]
[Round "11"]
[White "Neelash, Saha"]
[Black "Hirthickkesh, PR."]
[Result "0-1"]
[WhiteElo "2139"]
[BlackElo "2066"]
[PlyCount "64"]
[EventDate "2015.09.21"]
[EventType "swiss"]
[EventRounds "11"]
[EventCountry "IND"]
[SourceTitle "EXT 2016"]
[Source "ChessBase"]
[SourceDate "2015.10.08"]
[SourceVersion "1"]
[SourceVersionDate "2015.10.08"]
[SourceQuality "1"]

1. d4 Nf6 2. Bg5 Ne4 3. Bf4 d5 4. e3 e6 5. Bd3 c5 6. Bxe4 dxe4 7. Nc3 cxd4 8. exd4 Bb4 9. Nge2 0-0 10. 0-0 f5 11. f3 exf3 12. Rxf3 Nc6 13. Nb5 a6 14. Nc7 Rb8 15. Nxa6 bxa6 16. Bxb8 Nxb8 17. c3 Bd6 18. Qb3 Nc6 19. Raf1 Na5 20. Qd1 Bb7 21. Rh3 Qg5 22. Rf2 Nc4 23. Qd3 Nxb2 24. Qb1 Be4 25. Qc1 Qxc1+ 26. Nxc1 Nc4 27. Nb3 Rb8 28. Rh4 a5 29. g4 a4 30. gxf5 exf5 31. Nd2 Nxd2 32. Rxd2 a3 0-1

[Event "IND-ch U15"]
[Site "Jammu"]
[Date "2015.09.22"]
[Round "3"]
[White "Raghunandan, Kaumandur Srihari"]
[Black "Hirthickkesh, PR."]
[Result "1-0"]
[WhiteElo "2248"]
[BlackElo "2066"]
[PlyCount "89"]
[EventDate "2015.09.21"]
[EventType "swiss"]
[EventRounds "11"]
[EventCountry "IND"]
[SourceTitle "EXT 2016"]
[Source "ChessBase"]
[SourceDate "2015.10.08"]
[SourceVersion "1"]
[SourceVersionDate "2015.10.08"]
[SourceQuality "1"]

1. d4 Nf6 2. c4 e6 3. Nf3 Bb4+ 4. Bd2 a5 5. a3 Be7 6. Nc3 d5 7. Bf4 0-0 8. e3 c6 9. h3 b6 10. Rc1 Bb7 11. cxd5 exd5 12. Qb3 Nbd7 13. Na4 Ne4 14. Be2 c5 15. dxc5 Nexc5 16. Nxc5 Nxc5 17. Qd1 Bf6 18. Nd4 a4 19. 0-0 Ba6 20. Bxa6 Nxa6 21. Qxa4 Nc5 22. Qd1 Qd7 23. Rc2 Rfe8 24. Nf3 Qe6 25. Bg5 Bxg5 26. Nxg5 Qf5 27. Nf3 Rad8 28. Nd4 Qe4 29. Rc3 Rd6 30. b4 Ne6 31. Nb5 Rd7 32. Qd3 Qe5 33. Rc6 Qb8 34. Rfc1 g6 35. Nd4 Ng5 36. Qb5 Qe5 37. Rxb6 Rdd8 38. Rbc6 Ne4 39. Qd3 Nd6 40. R6c5 Ne4 41. R5c2 Rd6 42. a4 g5 43. Qb5 g4 44. hxg4 Red8 45. Nc6 1-0

[Event "IND-ch U19"]
[Site "Dindigul"]
[Date "2015.07.25"]
[Round "4"]
[White "Harsha, Bharathakoti"]
[Black "Hirthickkesh, PR."]
[Result "1/2-1/2"]
[WhiteElo "2368"]
[BlackElo "2202"]
[PlyCount "90"]
[EventDate "2015.07.23"]
[EventType "swiss"]
[EventRounds "11"]
[EventCountry "IND"]
[SourceTitle "EXT 2016"]
[Source "ChessBase"]
[SourceDate "2015.10.08"]
[SourceVersion "1"]
[SourceVersionDate "2015.10.08"]
[SourceQuality "1"]

1. d4 Nf6 2. c4 e6 3. g3 Bb4+ 4. Bd2 Be7 5. Bg2 d5 6. Nf3 c6 7. Qc2 0-0 8. 0-0 b6 9. Bf4 dxc4 10. Qxc4 Ba6 11. Qc2 Nd5 12. Nc3 Nxf4 13. gxf4 Bd6 14. Qe4 Qc7 15. Ne5 f6 16. Nxc6 Nxc6 17. Qxc6 Qxc6 18. Bxc6 Rad8 19. Rfd1 Bxf4 20. e3 Bb8 21. a4 f5 22. a5 Bc4 23. Rd2 Rd6 24. axb6 axb6 25. Bb5 Bxb5 26. Nxb5 Rc6 27. Ra3 Rc4 28. Rc3 Rb4 29. Na3 f4 30. Rdc2 fxe3 31. fxe3 e5 32. d5 b5 33. Rc8 Bd6 34. Rxf8+ Kxf8 35. Rc6 Ke7 36. Rb6 Bc5 37. Rxb5 Bxe3+ 38. Kg2 Rxb5 39. Nxb5 e4 40. Na3 h5 41. Nc4 Bc5 42. h4 Kf6 43. Kg3 g5 44. hxg5+ Kxg5 45. d6 Kf6 1/2-1/2

[Event "IND-ch U19 44th"]
[Site "Mumbai"]
[Date "2014.07.18"]
[Round "11"]
[White "Krishna Teja, N."]
[Black "Hirthickkesh, PR."]
[Result "0-1"]
[WhiteElo "2222"]
[BlackElo "2087"]
[PlyCount "74"]
[EventDate "2014.07.10"]
[EventType "swiss"]
[EventRounds "11"]
[EventCountry "IND"]
[SourceTitle "EXT 2016"]
[Source "ChessBase"]
[SourceDate "2015.10.08"]
[SourceVersion "1"]
[SourceVersionDate "2015.10.08"]
[SourceQuality "1"]

1. Nf3 g6 2. g3 Bg7 3. Bg2 e5 4. d3 d6 5. c4 Nc6 6. Nc3 Nge7 7. Bd2 0-0 8. Qc1 Nd4 9. h4 h5 10. b4 c6 11. Rb1 Bg4 12. Ng1 Bd7 13. Nf3 Ne6 14. Bh6 Nf5 15. Bxg7 Kxg7 16. e3 Qe7 17. Bh3 Nh6 18. Bxe6 Bxe6 19. Ng1 f5 20. Nge2 Rae8 21. f3 d5 22. cxd5 cxd5 23. d4 f4 24. dxe5 fxg3 25. f4 Nf5 26. Kf1 Rc8 27. Kg2 d4 28. exd4 Qd7 29. Qd2 Bd5+ 30. Nxd5 Qxd5+ 31. Kg1 Qe4 32. Rc1 Rxc1+ 33. Nxc1 Nxd4 34. Qd3 Nf3+ 35. Kf1 Qe1+ 36. Kg2 Qf2+ 37. Kh3 Ng1+ 0-1

[Event "IND-ch U13"]
[Site "Puducherry"]
[Date "2013.07.06"]
[Round "9"]
[White "Rajaryan, Kuvelkar"]
[Black "Hirthickkesh, PR."]
[Result "0-1"]
[WhiteElo "1852"]
[BlackElo "1970"]
[PlyCount "146"]
[EventDate "2013.06.30"]
[EventType "swiss"]
[EventRounds "11"]
[EventCountry "IND"]
[SourceTitle "EXT 2014"]
[Source "ChessBase"]
[SourceDate "2013.11.20"]
[SourceVersion "1"]
[SourceVersionDate "2013.11.20"]
[SourceQuality "1"]

1. d4 d5 2. Bg5 Nf6 3. Bxf6 exf6 4. Nf3 Bd6 5. e3 c6 6. Nbd2 Be6 7. Bd3 f5 8. 0-0 0-0 9. c4 Nd7 10. cxd5 cxd5 11. Rc1 Nf6 12. Qb3 Rb8 13. Ne1 Ne4 14. Bxe4 fxe4 15. f4 Qa5 16. Nb1 f5 17. Nc2 Rfc8 18. Nca3 a6 19. Rc3 b5 20. Nc2 Rc4 21. Nca3 Rcc8 22. Nc2 b4 23. Rxc8+ Bxc8 24. Ne1 Bd7 25. Qd1 Qxa2 26. b3 Rc8 27. Rf2 Qa5 28. Rc2 Rxc2 29. Qxc2 Qc7 30. Qxc7 Bxc7 31. Nc2 a5 32. Nd2 Bd6 33. Kf2 a4 34. Na1 axb3 35. Naxb3 Ba4 36. h3 Kf7 37. Na1 Ke7 38. g3 Kd7 39. Ke2 Kc6 40. Ndb3 h6 41. h4 Kb6 42. Ke1 Kc7 43. Ke2 Kd8 44. Ke1 Ke7 45. Ke2 Kf6 46. Ke1 Kg6 47. Kf2 Kf6 48. Ke1 g5 49. hxg5+ hxg5 50. Kf2 gxf4 51. gxf4 Ke6 52. Ke2 Kd7 53. Kd1 Kc6 54. Kd2 Kb5 55. Kd1 Kc4 56. Kc2 Be7 57. Kb2 Bxb3 58. Nxb3 Kd3 59. Nc1+ Kxe3 60. Kc2 Kxd4 61. Kd2 Bd6 62. Nb3+ Kc4 63. Na5+ Kb5 64. Nb3 Bxf4+ 65. Kc2 Be3 66. Na1 f4 67. Kd1 d4 68. Nc2 d3 69. Nxe3 fxe3 70. Kc1 e2 71. Kd2 e3+ 72. Ke1 d2+ 73. Kxe2 b3 0-1